[Event "22nd ch-EUR Indiv 2022"]
[Site "Terme Catez SLO"]
[Date "2022.04.03"]
[Round "8.122"]
[White "Pozun, Matej"]
[Black "Richter, Nils"]
[Result "0-1"]
[BlackTitle "FM"]
[WhiteElo "2168"]
[BlackElo "2365"]
[WhiteFideId "14618788"]
[BlackFideId "12990809"]
[EventDate "2022.03.27"]

1. e4 c5 2. Nf3 e6 3. d4 cxd4 4. Nxd4 Nc6 5. Nc3 Qc7 6. Be2 Nf6 7. Be3 a6 8. O-O
Be7 9. f4 d6 10. Kh1 O-O 11. Qe1 Nxd4 12. Bxd4 b5 13. a3 Bb7 14. Qg3 Bc6 15.
Rae1 Rad8 16. Bd3 Qd7 17. Nd1 Nh5 18. Qg4 Nf6 19. Qg3 g6 20. Nf2 Nh5 21. Qe3
Nxf4 22. Qxf4 e5 23. Bxe5 dxe5 24. Qxe5 Qd6 25. Qc3 Qc5 26. Qxc5 Bxc5 27. Ng4
Kg7 28. Ne5 Bb7 29. Nf3 Rfe8 30. a4 bxa4 31. Ra1 Bxe4 32. Rxa4 Bxd3 33. cxd3
Rxd3 34. Rxa6 h6 35. Ra5 Bd6 36. Ra7 Rde3 37. Nd4 R8e7 38. Rxe7 Bxe7 39. Rb1 Bf6
40. Nf3 Rb3 41. Nd2 Rd3 42. Nf3 Rb3 43. Nd2 Rb4 44. b3 h5 45. Kg1 Bc3 46. Nc4 f5
47. Kf1 Kf6 48. Ke2 Rb8 49. Kd3 Bb4 50. Ra1 Rd8+ 51. Ke2 Re8+ 52. Kf3 Re6 53. h3
g5 54. g4 fxg4+ 55. hxg4 h4 56. Ra4 Be7 57. b4 Re1 58. b5 Rb1 59. Ra6+ Kf7 60.
Ne5+ Kg7 61. Re6 Rb3+ 62. Kg2 Bd8 63. b6 Bxb6 64. Rg6+ Kh7 65. Rxg5 h3+ 66. Kf1
Rb1+ 67. Ke2 h2 68. Rh5+ Kg7 69. Nc4 Bc7 0-1

[Event "22nd ch-EUR Indiv 2022"]
[Site "Terme Catez SLO"]
[Date "2022.04.03"]
[Round "8.123"]
[White "Zirkelbach, Maj"]
[Black "Veleski, Robert"]
[Result "1-0"]
[WhiteTitle "FM"]
[BlackTitle "FM"]
[WhiteElo "2295"]
[BlackElo "2136"]
[WhiteFideId "14613395"]
[BlackFideId "15001008"]
[EventDate "2022.03.27"]

1. d4 Nf6 2. c4 g6 3. h4 d6 4. Nc3 Bg7 5. e4 c5 6. d5 O-O 7. Be2 b5 8. cxb5 a6
9. a4 axb5 10. Bxb5 Ba6 11. Bd2 e6 12. dxe6 fxe6 13. Nf3 d5 14. exd5 exd5 15.
O-O d4 16. Bxa6 Nxa6 17. Nb5 Qd5 18. Qc1 Ne4 19. Bh6 Bxh6 20. Qxh6 Rf5 21. Rfe1
Rd8 22. Rad1 Rdf8 23. Nbxd4 Rh5 24. Qe3 Nxf2 25. Qxf2 cxd4 26. Rxd4 Qa2 27. Red1
Nc5 28. Rd8 Rf5 29. g4 Ne4 30. Qe3 1-0

[Event "22nd ch-EUR Indiv 2022"]
[Site "Terme Catez SLO"]
[Date "2022.04.03"]
[Round "8.124"]
[White "Eric, Jovana"]
[Black "Greicius, Pijus"]
[Result "1-0"]
[WhiteTitle "WGM"]
[WhiteElo "2278"]
[BlackElo "2100"]
[WhiteFideId "938238"]
[BlackFideId "12819093"]
[EventDate "2022.03.27"]

1. e4 e5 2. Nf3 Nc6 3. Bc4 Nf6 4. d3 h6 5. O-O d6 6. a4 g5 7. Be3 Bg7 8. Nbd2
Be6 9. a5 a6 10. c3 O-O 11. Bxe6 fxe6 12. Qb3 Qd7 13. d4 Ng4 14. h3 Nxe3 15.
fxe3 Rab8 16. Nc4 exd4 17. exd4 Ne7 18. Ne3 Kh8 19. Rae1 Ng6 20. Qd1 Qb5 21. d5
Qxb2 22. dxe6 Qxc3 23. Nd5 Qc5+ 24. Kh1 c6 25. Nb6 Nf4 26. Nd7 Qa3 27. e7 Rfe8
28. Nxb8 Rxb8 29. Nh4 Qg3 30. Qxd6 Re8 31. Ng6+ Kh7 32. Nxf4 gxf4 33. Qd7 f3 34.
gxf3 Rxe7 35. Qf5+ Qg6 36. Qxg6+ Kxg6 37. Re3 c5 38. f4 Bd4 39. Rg3+ Kf6 40. f5
Rxe4 41. Rg6+ Kf7 42. Rxh6 c4 43. f6 c3 44. Rh7+ Kf8 45. Rxb7 Be5 46. f7 Rf4 47.
Rg1 Rxf7 48. Rxf7+ Kxf7 49. Rc1 Ke6 50. Kg2 Kd5 51. Kf3 Kd4 52. Ke2 Bf4 53. Rc2
Bc7 54. h4 Bxa5 55. h5 Bc7 56. h6 Be5 57. Ra2 Kc4 58. Rxa6 Kb3 59. Kd3 Kb2 60.
Rc6 1-0

[Event "22nd ch-EUR Indiv 2022"]
[Site "Terme Catez SLO"]
[Date "2022.04.03"]
[Round "8.125"]
[White "Lorscheid, Gerhard"]
[Black "Murko, David"]
[Result "1/2-1/2"]
[WhiteTitle "FM"]
[WhiteElo "2150"]
[BlackElo "2273"]
[WhiteFideId "4606000"]
[BlackFideId "14613891"]
[EventDate "2022.03.27"]

1. d4 Nf6 2. c4 g6 3. Nc3 d5 4. Bg5 Bg7 5. Bxf6 Bxf6 6. cxd5 c5 7. dxc5 Nd7 8.
e3 O-O 9. Bc4 Nxc5 10. Nge2 Qb6 11. Qd2 Qb4 12. b3 a5 13. Rc1 Bd7 14. Nd4 Rfc8
15. O-O b5 16. a3 Qxa3 17. Ncxb5 Bxb5 18. Nxb5 Qb4 19. Qxb4 axb4 20. Rfd1 Be5
21. f4 Bd6 22. Ra1 Ne4 23. Kf1 Rxa1 24. Rxa1 Nd2+ 25. Ke2 Nxc4 26. bxc4 Rxc4 27.
Nxd6 exd6 28. Ra8+ Kg7 29. Rb8 Rc5 30. e4 f5 31. Rxb4 fxe4 32. Rxe4 Rxd5 33.
Re7+ Kg8 34. Rd7 g5 35. fxg5 Rxg5 36. Kf3 Rg6 37. g4 h5 38. gxh5 Rg5 39. Rxd6 1/2-1/2

[Event "22nd ch-EUR Indiv 2022"]
[Site "Terme Catez SLO"]
[Date "2022.04.03"]
[Round "8.126"]
[White "Horvat, Damjan"]
[Black "Muetsch, Annmarie"]
[Result "1/2-1/2"]
[BlackTitle "WIM"]
[WhiteElo "2145"]
[BlackElo "2263"]
[WhiteFideId "14545535"]
[BlackFideId "12971367"]
[EventDate "2022.03.27"]

1. Nf3 Nf6 2. g3 g6 3. Bg2 Bg7 4. c4 O-O 5. O-O d6 6. Nc3 Nc6 7. d3 e5 8. Bd2 h6
9. Rb1 a5 10. a3 Be6 11. b4 axb4 12. axb4 Qd7 13. b5 Ne7 14. Re1 g5 15. h4 g4
16. Nh2 d5 17. cxd5 Nexd5 18. Nf1 Nxc3 19. Bxc3 Nd5 20. Bd2 f5 21. e4 fxe4 22.
Bxe4 Ra2 23. Ra1 Rb2 24. Qc1 Rxb5 25. Bxh6 Nf4 26. Bxf4 exf4 27. Rb1 fxg3 28.
fxg3 Rxb1 29. Qxb1 Qd4+ 30. Kh1 Qf2 31. Bg2 Bd4 32. Nh2 Ra8 33. Rf1 Qxg3 34.
Qxb7 Rd8 35. Qe4 Bf7 36. Qf5 Rf8 37. Qg5+ Bg7 38. Qxg4 Qd6 39. Be4 Qh6 40. Qg5
Rb8 41. Ng4 Qxg5 42. hxg5 Rb5 43. Nf6+ Bxf6 44. gxf6 Bd5 45. Kg2 Bxe4+ 46. dxe4
Re5 47. Kf3 Kf7 48. Ke3 Re6 49. Kd4 Rxf6 50. Rxf6+ Kxf6 51. Kc5 Ke5 52. Kc6 Kxe4
53. Kxc7 1/2-1/2

[Event "22nd ch-EUR Indiv 2022"]
[Site "Terme Catez SLO"]
[Date "2022.04.03"]
[Round "8.127"]
[White "Novosel, Lovro"]
[Black "Mitev, Valentin"]
[Result "0-1"]
[BlackTitle "FM"]
[WhiteElo "2099"]
[BlackElo "2255"]
[WhiteFideId "14547120"]
[BlackFideId "2921707"]
[EventDate "2022.03.27"]

1. d4 d5 2. Nf3 Nf6 3. g3 Bf5 4. Bg2 e6 5. O-O h6 6. c4 c6 7. Nc3 Nbd7 8. Bf4
Be7 9. cxd5 exd5 10. Ne5 O-O 11. a3 a5 12. Qb3 Nb6 13. Rfc1 Ne8 14. g4 Be6 15.
Nd1 a4 16. Qc2 Bg5 17. Bxg5 Qxg5 18. Ne3 Qf4 19. Rd1 Nd7 20. Qc3 Nxe5 21. dxe5
f6 22. exf6 Rxf6 23. f3 Nd6 24. Rd4 Qg5 25. Nf1 Nb5 26. Qd2 Nxd4 27. Qxd4 Qf4
28. Qb6 Rf7 29. Rd1 Rd7 30. Ng3 d4 31. Rd3 Bc4 32. e3 Qe5 33. Rd1 Qxe3+ 34. Kh1
Qb3 0-1

[Event "22nd ch-EUR Indiv 2022"]
[Site "Terme Catez SLO"]
[Date "2022.04.03"]
[Round "8.128"]
[White "Gregoric, Andraz"]
[Black "Mihov, Filip"]
[Result "1-0"]
[WhiteElo "2091"]
[BlackElo "2255"]
[WhiteFideId "14629461"]
[BlackFideId "15003892"]
[EventDate "2022.03.27"]

1. e4 e6 2. d4 d5 3. Nc3 Nc6 4. exd5 exd5 5. Bf4 Bb4 6. a3 Bxc3+ 7. bxc3 Nf6 8.
Bd3 O-O 9. Ne2 Ne7 10. Bg5 Nf5 11. O-O h6 12. Bf4 Be6 13. Re1 Qd7 14. Be5 Nh5
15. Nc1 g6 16. g4 Nh4 17. gxh5 Bg4 18. Be2 Bxe2 19. Qxe2 Qh3 20. Qf1 Qg4+ 21.
Bg3 Nf3+ 22. Kg2 Nxe1+ 23. Qxe1 Rfe8 24. Qd2 Qxh5 25. Nd3 c6 26. Qf4 Re7 27. Qf6
Re6 28. Qf3 Qxf3+ 29. Kxf3 b6 30. a4 c5 31. Nf4 Rf6 32. Ke3 Rd8 33. a5 g5 34.
Nd3 Rc6 35. dxc5 bxc5 36. Rb1 Re6+ 37. Kd2 c4 38. Nc1 f5 39. f4 Re4 40. Rb7 d4
41. Rxa7 gxf4 42. Bf2 dxc3+ 43. Kxc3 Rd1 44. Na2 f3 45. a6 Rd6 46. Nb4 Re8 47.
Rb7 Rxa6 48. Nxa6 Re2 49. Bh4 f2 50. Rb1 1-0

[Event "22nd ch-EUR Indiv 2022"]
[Site "Terme Catez SLO"]
[Date "2022.04.03"]
[Round "8.129"]
[White "Shpanko, Nadiia"]
[Black "Hryzlova, Sofiia"]
[Result "0-1"]
[WhiteTitle "WIM"]
[BlackTitle "WCM"]
[WhiteElo "2247"]
[BlackElo "2097"]
[WhiteFideId "14132400"]
[BlackFideId "14174669"]
[EventDate "2022.03.27"]

1. d4 Nf6 2. Nf3 e6 3. e3 b6 4. Be2 Bb7 5. O-O Be7 6. c4 O-O 7. Nc3 d5 8. b3
Nbd7 9. Bb2 Ne4 10. Nd2 Nxc3 11. Bxc3 a5 12. Qc2 f5 13. Bb2 Rc8 14. Bf3 c6 15.
a4 Bd6 16. Ba3 Bxa3 17. Rxa3 Qf6 18. Raa1 e5 19. dxe5 Nxe5 20. Be2 f4 21. exf4
Qxf4 22. Nf3 Rf6 23. Nxe5 Qxe5 24. Rae1 Rcf8 25. cxd5 cxd5 26. Bd3 Qh5 27. Qc7
Ba8 28. Re7 Qh6 29. f3 Kh8 30. Rfe1 Qd2 31. Bxh7 Qd4+ 32. Kh1 Rc6 33. Qd7 Kxh7
34. Re8 Rxe8 35. Qxe8 Rh6 36. h3 Bc6 37. Qe2 Qc3 38. Qd1 d4 39. Qb1+ d3 40. Rc1
Qd4 41. Rc4 Rxh3+ 0-1

[Event "22nd ch-EUR Indiv 2022"]
[Site "Terme Catez SLO"]
[Date "2022.04.03"]
[Round "8.130"]
[White "Franc, Borna"]
[Black "Vagman, Roy"]
[Result "1/2-1/2"]
[BlackTitle "CM"]
[WhiteElo "2013"]
[BlackElo "2247"]
[WhiteFideId "14555948"]
[BlackFideId "2828995"]
[EventDate "2022.03.27"]

1. e4 c5 2. d4 cxd4 3. c3 dxc3 4. Nxc3 Nc6 5. Bc4 e6 6. Nf3 a6 7. O-O b5 8. Bb3
Bb7 9. e5 d5 10. exd6 Bxd6 11. Qe2 Nf6 12. Bg5 h6 13. Bxf6 Qxf6 14. Rfd1 Qe7 15.
Ne4 Rd8 16. a4 bxa4 17. Bxa4 O-O 18. Bxc6 Bxc6 19. Nxd6 Rxd6 20. Rxd6 Qxd6 21.
Rxa6 Bxf3 22. gxf3 Qc5 23. Ra1 Rd8 24. Rd1 Rb8 25. Kh1 Qf5 26. Qe4 Qf6 27. b4
Rxb4 28. Rd8+ Qxd8 29. Qxb4 Qd5 30. Qb8+ Kh7 31. Qf4 Qf5 32. Qe3 e5 33. Qe2 h5
34. Kg2 Qg5+ 35. Kh1 Qf4 36. h3 Kh6 37. Kg2 Kh7 38. Qd3+ f5 39. Qd7 Qg5+ 40. Kh2
Qf4+ 41. Kg2 Kh6 42. Qe6+ g6 43. Qf7 Qg5+ 44. Kh2 Qd8 45. Kg2 Qa8 46. Kh2 Qd8
47. Kg2 Qd6 48. h4 Qd8 49. Kh3 Qh8 50. Qe7 Qg7 51. Qe6 Qb7 52. Kg3 Qc7 53. Kg2
Kg7 54. Kh3 Qc5 55. Kg2 Qc7 56. Kh3 Kh7 57. Kg2 Kh6 58. Qg8 Qg7 59. Qe6 Kh7 60.
Kh2 Qc7 61. Kg2 Kg7 62. Kh3 Kh7 63. Kg2 Qc5 64. Qf7+ Kh6 65. Qg8 Qe7 66. Qh8+
Qh7 67. Qxe5 Qg8 1/2-1/2

[Event "22nd ch-EUR Indiv 2022"]
[Site "Terme Catez SLO"]
[Date "2022.04.03"]
[Round "8.131"]
[White "Zadravec, Matija"]
[Black "Rozman, Monika"]
[Result "1-0"]
[BlackTitle "WFM"]
[WhiteElo "2239"]
[BlackElo "2094"]
[WhiteFideId "14533413"]
[BlackFideId "14609118"]
[EventDate "2022.03.27"]

1. e4 e5 2. Nc3 Nf6 3. f4 d5 4. fxe5 Nxe4 5. Nf3 Be7 6. Qe2 Nxc3 7. dxc3 c5 8.
Bf4 Nc6 9. O-O-O Be6 10. h4 h6 11. g3 Qd7 12. Bg2 O-O-O 13. Qf1 Rhe8 14. Bh3 Bf8
15. h5 Na5 16. Nd2 Bxh3 17. Rxh3 Re6 18. b3 Ra6 19. Ne4 Nc6 20. Kb1 Qc7 21. Nd6+
Bxd6 22. exd6 Qa5 23. a4 Qxc3 24. g4 Qb4 25. Rxd5 Nd4 26. Be5 Rd7 27. Re3 Ne6
28. Qf5 Rxa4 29. Bc3 Qf4 30. Re1 Rd4 31. Bxd4 cxd4 32. Rxe6 1-0

[Event "22nd ch-EUR Indiv 2022"]
[Site "Terme Catez SLO"]
[Date "2022.04.03"]
[Round "8.132"]
[White "Gershkowich, David"]
[Black "Debevec, Blaz"]
[Result "1-0"]
[WhiteTitle "FM"]
[BlackTitle "CM"]
[WhiteElo "2233"]
[BlackElo "2084"]
[WhiteFideId "2803356"]
[BlackFideId "14605813"]
[EventDate "2022.03.27"]

1. e4 e5 2. Nf3 Nc6 3. Bb5 a6 4. Ba4 Nf6 5. O-O Be7 6. Re1 b5 7. Bb3 O-O 8. h3
Bb7 9. d3 d5 10. exd5 Nxd5 11. Nxe5 Nxe5 12. Rxe5 Qd6 13. Re1 Rae8 14. Nd2 c5
15. a4 Bd8 16. Ne4 Qc6 17. axb5 axb5 18. c4 Nb6 19. cxb5 Qxb5 20. Bf4 c4 21.
dxc4 Qf5 22. Nd6 Rxe1+ 23. Qxe1 Qxf4 24. Nxb7 Bc7 25. g3 Qf3 26. Nc5 Bd6 27. Qe4
Qf6 28. Nd3 Nd7 29. Ra6 Rb8 30. Ba4 Ne5 31. c5 Nf3+ 32. Kg2 Ng5 33. Qd5 1-0

[Event "22nd ch-EUR Indiv 2022"]
[Site "Terme Catez SLO"]
[Date "2022.04.03"]
[Round "8.133"]
[White "Dubnevych, Maksym"]
[Black "Redzisz, Michal"]
[Result "0-1"]
[BlackTitle "FM"]
[WhiteElo "2065"]
[BlackElo "2223"]
[WhiteFideId "14184001"]
[BlackFideId "21816107"]
[EventDate "2022.03.27"]

1. e4 c6 2. d4 d5 3. e5 Bf5 4. h4 h5 5. Bd3 Bxd3 6. Qxd3 Qa5+ 7. Nd2 e6 8. Nf3
Qa6 9. c4 Nd7 10. b3 Ne7 11. O-O Nf5 12. Rd1 Be7 13. g3 O-O 14. a4 Rfd8 15. Ba3
Bxa3 16. Rxa3 c5 17. dxc5 Nxc5 18. Qc2 Qb6 19. Kg2 d4 20. a5 Qb4 21. Raa1 Rd7
22. Qa2 Qc3 23. Rac1 Qd3 24. Re1 Na6 25. Qa4 Nc5 26. Qa2 Na6 27. Qb2 Nb4 28. Nb1
Nh6 29. Rcd1 Qg6 30. Re2 d3 31. Red2 Rad8 32. Nc3 Qg4 33. Na4 Nf5 34. Nc5 Rd4
35. Rh1 b6 36. axb6 axb6 37. Nb7 R8d7 38. Nd6 Rf4 39. Ng5 Rxf2+ 40. Rxf2 Qxg3+
41. Kf1 Ne3+ 42. Ke1 Nbc2+ 43. Kd2 Qxf2+ 44. Kc3 d2 45. Qxc2 Nxc2 46. Kxc2 Qe1 0-1

[Event "22nd ch-EUR Indiv 2022"]
[Site "Terme Catez SLO"]
[Date "2022.04.03"]
[Round "8.134"]
[White "Ciolek, Andreas"]
[Black "Chennaoui, Yasin"]
[Result "1-0"]
[WhiteTitle "FM"]
[WhiteElo "2191"]
[BlackElo "2015"]
[WhiteFideId "12906727"]
[BlackFideId "1330667"]
[EventDate "2022.03.27"]

1. d4 Nf6 2. Nf3 e6 3. g3 Be7 4. Bg2 O-O 5. O-O d5 6. c4 c6 7. Qc2 b6 8. Nbd2
Bb7 9. e4 Na6 10. a3 c5 11. exd5 exd5 12. dxc5 Nxc5 13. b4 Nce4 14. Nxe4 dxe4
15. Ng5 Rc8 16. Bb2 a5 17. Nxe4 Bxe4 18. Bxe4 axb4 19. axb4 Bxb4 20. Rad1 Qe7
21. Bxf6 Qxf6 22. Bxh7+ Kh8 23. Bd3 g6 24. Qb1 Bc5 25. Be4 Kg7 26. Bd5 Rh8 27.
Rd3 Rh5 28. Rf3 Rf5 29. Rxf5 gxf5 30. Qd3 Rh8 31. Qf3 Qh6 32. h4 Qg6 33. Ra1
Rxh4 34. Ra7 Rg4 35. Rxf7+ Kh6 36. Kg2 f4 37. Rxf4 Rxf4 38. Qxf4+ Qg5 39. Qxg5+
Kxg5 40. f4+ Kg4 41. Be6+ Kh5 42. Kh3 Be3 43. g4+ Kg6 44. Kg3 Kf6 45. Bd5 Bc1
46. Kf3 Bb2 47. Ke4 Bc3 48. Bc6 Bb2 49. g5+ Kg6 50. Be8+ Kg7 51. Kf3 Kf8 52. Bb5
Bc1 53. Kg4 Kf7 54. f5 Bb2 55. Ba6 Bc3 56. Bc8 Bb2 57. f6 Kg6 58. Bd7 Bxf6 59.
gxf6 Kxf6 60. Kf4 Ke7 61. Bb5 Kd6 62. Ke4 Kc5 63. Ke5 Kb4 64. Kd5 Ka5 65. Kc6
Kb4 66. Kxb6 Kc3 67. c5 Kd4 68. c6 Ke5 69. c7 Kd6 70. c8=Q Kd5 71. Qd7+ Ke5 72.
Kc5 Ke4 73. Qd5+ Ke3 74. Be2 Kxe2 75. Qd4 Kf3 76. Kd5 Ke2 77. Qc3 Kf2 78. Ke4
Ke2 79. Qc2+ Kf1 80. Kf3 Ke1 81. Qe2# 1-0

[Event "22nd ch-EUR Indiv 2022"]
[Site "Terme Catez SLO"]
[Date "2022.04.03"]
[Round "8.135"]
[White "Gombocz, Ferenc Jr."]
[Black "Kovalskyi, Roman"]
[Result "1-0"]
[WhiteTitle "FM"]
[WhiteElo "2188"]
[BlackElo "1807"]
[WhiteFideId "775029"]
[BlackFideId "14184214"]
[EventDate "2022.03.27"]

1. c4 e5 2. g3 Nf6 3. Bg2 d5 4. cxd5 Nxd5 5. Nf3 Nc6 6. O-O Nb6 7. b3 Bd6 8. Bb2
O-O 9. d3 Re8 10. Nbd2 Bf8 11. Rc1 Bg4 12. h3 Be6 13. Nxe5 Nxe5 14. Bxe5 c6 15.
Bb2 a5 16. a3 a4 17. b4 h5 18. Ne4 h4 19. Qd2 Nd5 20. Ng5 hxg3 21. fxg3 Qb6+ 22.
d4 Rad8 23. Qd3 g6 24. e4 Nc7 25. Qf3 Rd7 26. Kh2 Bg7 27. Rcd1 Bb3 28. Qg4 Ne6
29. Rd2 Qd8 30. Nxe6 Bxe6 31. Qf3 Bxd4 32. Rxd4 Rxd4 33. Qc3 Bxh3 34. Qxd4 Qxd4
35. Bxd4 Bxg2 36. Kxg2 Rxe4 37. Bf6 Re2+ 38. Kf3 Re6 39. Kg4 Kf8 40. Kg5 Rd6 41.
g4 b6 42. Re1 Rd3 43. Re4 Rxa3 44. Rc4 c5 45. bxc5 bxc5 46. Rxc5 Re3 47. Ra5 a3
48. Ra8+ Re8 49. Rxa3 Rc8 50. Re3 Rc5+ 51. Kh6 Rc8 52. Kh7 Re8 53. Bg7# 1-0

[Event "22nd ch-EUR Indiv 2022"]
[Site "Terme Catez SLO"]
[Date "2022.04.03"]
[Round "8.136"]
[White "Zupancic, Urban"]
[Black "Gueci, Tea"]
[Result "0-1"]
[BlackTitle "WIM"]
[WhiteElo "2047"]
[BlackElo "2235"]
[WhiteFideId "14606631"]
[BlackFideId "872342"]
[EventDate "2022.03.27"]

1. d4 Nf6 2. c4 e6 3. Nf3 c5 4. d5 exd5 5. cxd5 d6 6. Nc3 g6 7. e4 a6 8. Qc2 b5
9. a4 b4 10. Nb1 Qe7 11. Kd1 Qxe4 12. Bd3 Qxd5 13. Re1+ Be6 14. Bg5 Be7 15. Nbd2
Qb7 16. Nc4 Nbd7 17. Bf4 O-O 18. Ng5 Qd5 19. Kc1 Rfe8 20. Rxe6 b3 21. Qb1 fxe6
22. Ne3 Qd4 23. Bxg6 Nf8 24. Bf7+ Kh8 25. g3 Nd5 26. Bxe6 Bxg5 27. Bxd5 Bxf4 28.
gxf4 Rxe3 29. fxe3 Qxd5 0-1

[Event "22nd ch-EUR Indiv 2022"]
[Site "Terme Catez SLO"]
[Date "2022.04.03"]
[Round "8.137"]
[White "Martinkus, Rolandas"]
[Black "Saraci, Korab"]
[Result "0-1"]
[WhiteTitle "FM"]
[WhiteElo "2033"]
[BlackElo "2229"]
[WhiteFideId "12800481"]
[BlackFideId "4701968"]
[EventDate "2022.03.27"]

1. Nf3 Nf6 2. c4 g6 3. Nc3 Bg7 4. e4 d6 5. d4 O-O 6. h3 Nc6 7. d5 Nb4 8. Rb1 e6
9. dxe6 Bxe6 10. Nd4 Bd7 11. a3 Nc6 12. Be3 Re8 13. Bd3 Nxd4 14. Bxd4 Bf5 15.
Bxf6 Bxf6 16. O-O Bd7 17. Nd5 Bg7 18. b4 c6 19. Ne3 Qg5 20. Qf3 h5 21. c5 Re6
22. Nc4 Bd4 23. Kh1 Rf6 24. Qg3 Qxg3 25. fxg3 Rxf1+ 26. Bxf1 dxc5 27. Nd6 b5 28.
Nb7 c4 29. Rd1 c3 30. Bd3 Be6 31. Bc2 Be5 32. Nd8 Bc4 33. Nxc6 Bxg3 34. Rd7 Re8
35. Rxa7 Re6 36. Nd4 Rd6 37. Nf3 Bd3 38. Bb3 c2 39. Rc7 Bxe4 40. Bxc2 Bxc2 41.
Rxc2 Rd1+ 42. Ng1 Ra1 43. h4 Kg7 44. Rb2 f5 0-1

[Event "22nd ch-EUR Indiv 2022"]
[Site "Terme Catez SLO"]
[Date "2022.04.03"]
[Round "8.138"]
[White "Hommer, Jeremy"]
[Black "Bashylina, Luisa"]
[Result "1-0"]
[BlackTitle "WFM"]
[WhiteElo "2221"]
[BlackElo "2043"]
[WhiteFideId "12992577"]
[BlackFideId "12983292"]
[EventDate "2022.03.27"]

1. e4 c5 2. Nf3 d6 3. Bb5+ Nd7 4. O-O a6 5. Bd3 Ngf6 6. Re1 e6 7. c3 b5 8. Bc2
c4 9. a4 Bb7 10. d4 cxd3 11. Qxd3 Nc5 12. Qe2 bxa4 13. Be3 Nfd7 14. Rxa4 g6 15.
Bxc5 Nxc5 16. Rd1 Be7 17. Rad4 O-O 18. e5 Bxf3 19. Qxf3 d5 20. c4 f6 21. Qg3 Qe8
22. cxd5 fxe5 23. Rg4 e4 24. Nc3 exd5 25. Nxd5 Rd8 26. Bxe4 Nxe4 27. Rxe4 Qf7
28. Nxe7+ Qxe7 29. Qb3+ Qf7 30. Qxf7+ Kxf7 31. Red4 Rxd4 32. Rxd4 Rc8 33. g3 Rc2
34. Rb4 Ke6 35. Kg2 Kd5 36. h4 a5 37. Rb5+ Ke4 38. Rxa5 Rxb2 39. Ra7 h6 40. Ra6
Kf5 41. h5 gxh5 42. Rxh6 Kg5 43. Rh8 Rc2 44. Rg8+ Kf6 45. Rf8+ Kg7 46. Rf4 Kg6
47. Kh3 Kg5 48. Rf8 Rc5 49. f4+ Kg6 50. Rb8 Ra5 51. Rb6+ Kg7 52. Kh4 Rd5 53. Re6
Rd3 54. Re5 Kg6 55. Rg5+ 1-0

[Event "22nd ch-EUR Indiv 2022"]
[Site "Terme Catez SLO"]
[Date "2022.04.03"]
[Round "8.139"]
[White "Giacomini, Hector"]
[Black "Babrauskas, Darius"]
[Result "0-1"]
[WhiteElo "2129"]
[BlackElo "2003"]
[WhiteFideId "605352"]
[BlackFideId "12805602"]
[EventDate "2022.03.27"]

1. d4 Nf6 2. Nf3 g6 3. e3 Bg7 4. c4 d6 5. Nc3 O-O 6. Be2 c6 7. O-O Nbd7 8. b4 a5
9. b5 c5 10. Bb2 Qc7 11. Qd2 Nb6 12. d5 e6 13. e4 Re8 14. Bd3 h6 15. h3 Bd7 16.
Rfe1 e5 17. Qc2 Rf8 18. Ne2 Nh5 19. g4 Nf6 20. Ng3 Nh7 21. Kh2 Qc8 22. Rg1 Ng5
23. Qe2 Qd8 24. Ne1 Nc8 25. Ng2 h5 26. f3 f6 27. h4 Nxf3+ 28. Qxf3 hxg4 29. Qf2
Ne7 30. Ne3 f5 31. exf5 Nxd5 32. Ng2 Nf4 33. Be4 gxf5 34. Bxb7 Rb8 35. Nxf4 Rxb7
36. Nge2 exf4 37. Bxg7 g3+ 38. Rxg3 Qxh4+ 39. Kg2 fxg3 40. Nxg3 Bc6+ 41. bxc6
Rxg7 0-1

[Event "22nd ch-EUR Indiv 2022"]
[Site "Terme Catez SLO"]
[Date "2022.04.03"]
[Round "8.140"]
[White "Arsenie, Cristian Marc"]
[Black "Olenik Campa, Rudi"]
[Result "0-1"]
[BlackTitle "CM"]
[WhiteElo "1952"]
[BlackElo "2112"]
[WhiteFideId "1345923"]
[BlackFideId "14633264"]
[EventDate "2022.03.27"]

1. e4 c5 2. Nc3 Nc6 3. Bb5 Nd4 4. Nf3 g6 5. Bc4 Bg7 6. Nxd4 cxd4 7. Qf3 e6 8.
Nb5 Be5 9. c3 a6 10. Nxd4 b5 11. Bb3 Bb7 12. d3 Qc7 13. h3 f5 14. Qe2 fxe4 15.
dxe4 Nf6 16. Bc2 b4 17. Qe3 bxc3 18. bxc3 Qc5 19. Bb2 Rb8 20. O-O Bxe4 21. Bxe4
Rxb2 22. Rfe1 Bd6 23. Qh6 Rf8 24. Bf3 Kf7 25. Re3 Kg8 26. Rd1 Qc7 27. Ne2 Bc5
28. Red3 Qb6 29. Qh4 e5 30. Rxd7 Bxf2+ 31. Qxf2 Qxf2+ 32. Kxf2 Nxd7 33. Rxd7 e4
34. Re7 exf3 35. gxf3 Rxa2 36. c4 a5 37. c5 Rc2 38. Re5 a4 39. Re4 a3 40. Ra4
Re8 0-1

[Event "22nd ch-EUR Indiv 2022"]
[Site "Terme Catez SLO"]
[Date "2022.04.03"]
[Round "8.141"]
[White "Hulka, Valentyn"]
[Black "Varney, Zoe"]
[Result "1-0"]
[BlackTitle "WCM"]
[WhiteElo "2105"]
[BlackElo "1998"]
[WhiteFideId "34107061"]
[BlackFideId "436135"]
[EventDate "2022.03.27"]

1. e4 e5 2. Nf3 Nc6 3. Bb5 a6 4. Ba4 Nf6 5. O-O Be7 6. Re1 b5 7. Bb3 O-O 8. d4
Nxd4 9. Nxd4 exd4 10. e5 Ne8 11. c3 c5 12. cxd4 c4 13. Bc2 d5 14. Nc3 Nc7 15.
Ne2 a5 16. Nf4 Ra6 17. Be3 g6 18. Ne2 f5 19. f4 b4 20. Rf1 Bd7 21. Ba4 Na8 22.
Kh1 Nb6 23. Bxd7 Qxd7 24. Qc2 h5 25. h3 Kf7 26. g4 hxg4 27. hxg4 Ke8 28. Kg2 a4
29. Rh1 b3 30. Qb1 Na8 31. axb3 cxb3 32. Qd3 Nc7 33. Rhc1 Qb5 34. Qd1 Kd7 35.
Nc3 Qb4 36. Qd3 Raa8 37. Bd2 a3 38. Nb5 Qxb5 39. Rxc7+ Kxc7 40. Qxb5 axb2 41.
Ba5+ 1-0

[Event "22nd ch-EUR Indiv 2022"]
[Site "Terme Catez SLO"]
[Date "2022.04.03"]
[Round "8.142"]
[White "Vaupot, Luka"]
[Black "Borisek, Anze"]
[Result "1/2-1/2"]
[WhiteElo "2083"]
[BlackElo "1905"]
[WhiteFideId "14627671"]
[BlackFideId "14608693"]
[EventDate "2022.03.27"]

1. e4 e5 2. Nf3 Nf6 3. Nxe5 Nxe4 4. Qe2 Qe7 5. Qxe4 d6 6. d4 dxe5 7. dxe5 Nc6 8.
Bb5 Bd7 9. O-O O-O-O 10. Nc3 a6 11. Ba4 b5 12. Nxb5 axb5 13. Bxb5 Nb8 14. a4 Qb4
15. Qf3 Bxb5 16. axb5 Qxb5 17. Ra8 Qd5 18. Qg4+ Qd7 19. Qc4 Qd5 20. Qg4+ Rd7 1/2-1/2